| 000 | 00528nam a2200121Ia 4500 | ||
|---|---|---|---|
| 008 | 220620s9999||||xx |||||||||||||| ||und|| | ||
| 100 | _aElert, Niklas||Henrekson, Magnus||Sanders, Mark | ||
| 245 | 4 |
_aThe Entrepreneurial Society _bA Reform Strategy for the European Union |
|
| 546 | _aEnglish[eng] | ||
| 650 | _aBusiness||Management science||Entrepreneurship||Economic policy||Evolutionary economics||Labor economics||Capital market | ||
| 856 | _uhttps://library.oapen.org/bitstream/20.500.12657/23115/1/1007041.pdf | ||
| 942 | _cEB | ||
| 999 |
_c33436 _d33436 |
||